[Event "Titled Tuesday intern op 06th Feb Early"]
[Site "Chess.com INT"]
[Date "2024.02.06"]
[Round "10"]
[White "Meinhardt, Maximilian"]
[Black "Clawitter, Craig"]
[Result "1-0"]
[WhiteElo "2369"]
[BlackElo "2050"]
[PlyCount "67"]
[EventDate "2024.02.06"]
[EventType "swiss (blitz)"]
[EventRounds "11"]
[EventCountry "USA"]
[SourceTitle "CB07_2024"]
[SourceDate "2024.02.14"]
[SourceVersion "1"]
[SourceVersionDate "2024.02.14"]
[SourceQuality "1"]

1. e4 e6 2. d4 d5 3. Bd3 dxe4 4. Bxe4 Nf6 5. Bf3 c5 6. Ne2 Nc6 7. Be3 cxd4 8. Nxd4 Ne5 9. Nc3 Bb4 10. Ndb5 0-0 11. Qxd8 Nxf3+ 12. gxf3 Rxd8 13. Nc7 Rb8 14. Bxa7 Bd7 15. Bxb8 Rxb8 16. 0-0-0 Bxc3 17. bxc3 Rc8 18. Rd6 Rxc7 19. Rhd1 Kf8 20. c4 Ke7 21. Rb6 Bc8 22. Rd4 Nd7 23. Rb5 f6 24. f4 e5 25. fxe5 Nxe5 26. c5 Bd7 27. Rb6 Bc6 28. f4 Nf3 29. Rd3 Nxh2 30. Rh3 Ng4 31. Rxh7 Kf7 32. Rh4 f5 33. Rh5 g6 34. Rh7+ 1-0

[Event "Titled Tuesday intern op 06th Feb Early"]
[Site "Chess.com INT"]
[Date "2024.02.06"]
[Round "7"]
[White "Meinhardt, Maximilian"]
[Black "Devaev, Alexander"]
[Result "1-0"]
[WhiteElo "2369"]
[BlackElo "2325"]
[PlyCount "71"]
[EventDate "2024.02.06"]
[EventType "swiss (blitz)"]
[EventRounds "11"]
[EventCountry "USA"]
[SourceTitle "CB07_2024"]
[SourceDate "2024.02.14"]
[SourceVersion "1"]
[SourceVersionDate "2024.02.14"]
[SourceQuality "1"]

1. e4 c6 2. Nc3 d5 3. Nf3 Nf6 4. e5 Ne4 5. Ne2 e6 6. Ng3 Nxg3 7. fxg3 Be7 8. d4 0-0 9. Bd3 c5 10. h4 h6 11. c3 b6 12. Bf4 Ba6 13. Bc2 cxd4 14. Nxd4 Nd7 15. Qg4 f5 16. exf6 Nxf6 17. Qxe6+ Kh8 18. 0-0-0 Bc8 19. Qe3 Bg4 20. Nc6 Qd7 21. Nxe7 Bxd1 22. Ng6+ Kg8 23. Nxf8 Rxf8 24. Rxd1 Re8 25. Qd3 Qg4 26. Bb3 Rd8 27. Kb1 Kh8 28. a4 a5 29. Bc2 Ne4 30. Qf3 Qg6 31. h5 Qe8 32. Bxe4 dxe4 33. Rxd8 Qxd8 34. Qxe4 Qd1+ 35. Ka2 Qb3+ 36. Kxb3 1-0

[Event "Titled Tuesday intern op 06th Feb Early"]
[Site "Chess.com INT"]
[Date "2024.02.06"]
[Round "9"]
[White "Tharushi, THD Niklesha"]
[Black "Meinhardt, Maximilian"]
[Result "1-0"]
[WhiteElo "1539"]
[BlackElo "2369"]
[PlyCount "105"]
[EventDate "2024.02.06"]
[EventType "swiss (blitz)"]
[EventRounds "11"]
[EventCountry "USA"]
[SourceTitle "CB07_2024"]
[SourceDate "2024.02.14"]
[SourceVersion "1"]
[SourceVersionDate "2024.02.14"]
[SourceQuality "1"]

1. e4 e6 2. d4 d5 3. Nc3 Nc6 4. exd5 exd5 5. Bb5 Be6 6. Nf3 Bb4 7. 0-0 Nge7 8. Ne5 0-0 9. Bxc6 bxc6 10. Ne2 f6 11. Nf4 Bf5 12. Ned3 Bd6 13. c3 Qd7 14. Re1 Rae8 15. Be3 Ng6 16. Nxg6 hxg6 17. Nc5 Qc8 18. b4 g5 19. Qa4 Bxc5 20. bxc5 Qd7 21. Qa6 Kf7 22. a4 Rh8 23. f3 Rh6 24. Bf2 Reh8 25. Bg3 g4 26. Qxa7 gxf3 27. gxf3 Rc8 28. a5 Bd3 29. Re3 Bc4 30. Rae1 Qf5 31. Qb7 Rch8 32. Qxc7+ Kg6 33. Re7 R8h7 34. Qf4 Qxf4 35. Bxf4 Rh3 36. Bg3 Kf5 37. Kg2 g5 38. Rxh7 Rxh7 39. Ra1 Ra7 40. Bb8 Ra8 41. Bd6 g4 42. Bc7 Be2 43. fxg4+ Kxg4 44. Bb6 Bf3+ 45. Kf2 Be4 46. a6 Bd3 47. a7 f5 48. Re1 Kf4 49. Re7 Rh8 50. Bc7+ Kg5 51. Bb8 f4 52. Rg7+ Kf6 53. Rg2 1-0

[Event "Oberliga Baden 2223"]
[Site "Germany"]
[Date "2023.04.23"]
[Round "9.4"]
[White "Meinhardt, Maximilian"]
[Black "Dobrosmyslov, Artem Igorevich"]
[Result "1-0"]
[WhiteElo "2371"]
[BlackElo "1503"]
[PlyCount "55"]
[EventDate "2022.09.18"]
[EventType "team-tourn"]
[EventRounds "9"]
[EventCountry "GER"]
[SourceTitle "EXT 2024"]
[Source "ChessBase"]
[SourceDate "2023.10.10"]
[SourceVersion "1"]
[SourceVersionDate "2023.10.10"]
[SourceQuality "1"]
[WhiteTeam "Viernheim II"]
[BlackTeam "Baden-Baden III"]
[WhiteTeamCountry "GER"]
[BlackTeamCountry "GER"]

1. e4 e6 2. d4 d5 3. Bd3 dxe4 4. Bxe4 Nf6 5. Bf3 Nbd7 6. Ne2 e5 7. 0-0 e4 8. Ng3 exf3 9. Re1+ Be7 10. Nf5 Ng8 11. Rxe7+ Nxe7 12. Nxg7+ Kf8 13. Bh6 Kg8 14. Qxf3 Qf8 15. Nc3 Qxg7 16. Bxg7 Kxg7 17. Re1 Ng6 18. Nd5 Rb8 19. Qg3 Nf6 20. Nxf6 Kxf6 21. d5 Kg7 22. Qc3+ Kh6 23. h4 Bf5 24. Qf6 Bxc2 25. Re5 Bd1 26. f3 Rhe8 27. Rh5+ Kxh5 28. Qg5# 1-0

[Event "Oberliga Baden 2223"]
[Site "Germany"]
[Date "2023.03.19"]
[Round "8.3"]
[White "Meinhardt, Maximilian"]
[Black "Falk, Kristoffer"]
[Result "1/2-1/2"]
[WhiteElo "2371"]
[BlackElo "1973"]
[PlyCount "53"]
[EventDate "2022.09.18"]
[EventType "team-tourn"]
[EventRounds "9"]
[EventCountry "GER"]
[SourceTitle "EXT 2024"]
[Source "ChessBase"]
[SourceDate "2023.10.10"]
[SourceVersion "1"]
[SourceVersionDate "2023.10.10"]
[SourceQuality "1"]
[WhiteTeam "Viernheim II"]
[BlackTeam "Ladenburg"]
[WhiteTeamCountry "GER"]
[BlackTeamCountry "GER"]

1. e4 c5 2. Nc3 Nc6 3. Nge2 e5 4. Nd5 Be7 5. Nec3 a6 6. a4 Bg5 7. Bc4 d6 8. 0-0 Be6 9. d3 Bxc1 10. Rxc1 Nh6 11. f4 exf4 12. Rxf4 0-0 13. Qh5 Ne5 14. Nf6+ Kh8 15. Rcf1 Ng6 16. R4f2 Ne5 17. h3 Nxc4 18. dxc4 Bxc4 19. Rd1 Qe7 20. b3 Be6 21. g4 Rad8 22. Ncd5 Bxd5 23. Rxd5 b5 24. axb5 axb5 25. Qh4 Ra8 26. g5 gxf6 27. gxh6 1/2-1/2

[Event "Oberliga Baden 2223"]
[Site "Germany"]
[Date "2022.10.09"]
[Round "2.4"]
[White "Meinhardt, Maximilian"]
[Black "Mensch, Etienne"]
[Result "1/2-1/2"]
[WhiteElo "2371"]
[BlackElo "2296"]
[PlyCount "47"]
[EventDate "2022.09.18"]
[EventType "team-tourn"]
[EventRounds "9"]
[EventCountry "GER"]
[SourceTitle "EXT 2024"]
[Source "ChessBase"]
[SourceDate "2023.10.10"]
[SourceVersion "1"]
[SourceVersionDate "2023.10.10"]
[SourceQuality "1"]
[WhiteTeam "Viernheim II"]
[BlackTeam "Buchen"]
[WhiteTeamCountry "GER"]
[BlackTeamCountry "GER"]

1. e4 d6 2. d4 Nf6 3. Nc3 e5 4. Nf3 Nbd7 5. Bc4 Be7 6. 0-0 0-0 7. Re1 c6 8. a4 b6 9. b3 a6 10. Bd3 Re8 11. Ne2 Bb7 12. Ng3 g6 13. Bb2 Bf8 14. c4 exd4 15. Bxd4 Ne5 16. Bf1 Bg7 17. Bc3 Nfd7 18. Rc1 Nxf3+ 19. Qxf3 Ne5 20. Qf4 Qe7 21. h3 h5 22. Qd2 c5 23. Rcd1 Rad8 24. a5 1/2-1/2

[Event "Bundesliga 1920"]
[Site "Germany"]
[Date "2021.10.13"]
[Round "13.5"]
[White "Klein, Felix"]
[Black "Meinhardt, Maximilian"]
[Result "0-1"]
[WhiteElo "2333"]
[BlackElo "2372"]
[PlyCount "170"]
[EventDate "2019.11.23"]
[EventType "team-tourn"]
[EventRounds "15"]
[EventCountry "GER"]
[SourceTitle "EXT 2022"]
[Source "ChessBase"]
[SourceDate "2021.10.06"]
[SourceVersion "1"]
[SourceVersionDate "2021.10.06"]
[SourceQuality "1"]
[WhiteTeam "Aachen"]
[BlackTeam "Viernheim"]
[WhiteTeamCountry "GER"]
[BlackTeamCountry "GER"]

1. e4 e6 2. d4 d5 3. Nc3 Nc6 4. e5 a6 5. Nf3 f6 6. g3 Bd7 7. h4 Qe7 8. Ne2 Nh6 9. Bh3 Nf7 10. Bf4 fxe5 11. dxe5 Qb4+ 12. Kf1 Qxb2 13. Rb1 Qxa2 14. Rxb7 Rc8 15. Kg2 Bc5 16. Rb3 0-0 17. Re1 Rcd8 18. Qd3 Qa4 19. Nc3 Qc4 20. Nxd5 Ncxe5 21. Qxc4 Nxc4 22. Nxc7 e5 23. Bc1 Bxh3+ 24. Kxh3 Bxf2 25. Rf1 Rd7 26. Ne6 Re8 27. Nxg7 Kxg7 28. Rxf2 e4 29. Ng5 e3 30. Re2 Nxg5+ 31. hxg5 Kg6 32. Rc3 Rd4 33. Kg2 Kxg5 34. Rcxe3 Nxe3+ 35. Rxe3 Red8 36. Re6+ Kf5 37. Rxa6 Rc4 38. Kh3 Rd1 39. Ra5+ Kg6 40. Ra6+ Kf5 41. Ra5+ Ke4 42. Bf4 h5 43. Ra2 Kf3 44. Ra3+ Kf2 45. Kh4 Rh1+ 46. Kg5 Rc5+ 47. Kg6 Rxc2 48. Bg5 Rc6+ 49. Kf5 Rc5+ 50. Kg6 Kg2 51. Bh4 Rb1 52. Ra6 Rb4 53. Kh6 Rg4 54. Rb6 Kh3 55. Ra6 Rgc4 56. Rb6 Rd5 57. Ra6 Rb5 58. Rd6 Rc8 59. Ra6 Rh8+ 60. Kg7 Rbb8 61. Ra5 Rbg8+ 62. Kf7 Rg4 63. Rb5 Rh6 64. Ra5 Rb4 65. Kg7 Rbb6 66. Rc5 Rbg6+ 67. Kf7 Rc6 68. Ra5 Rh7+ 69. Kg8 Rcc7 70. Bf6 Ra7 71. Rg5 Rhc7 72. Rxh5+ Kg2 73. Rd5 Rc8+ 74. Bd8 Raa8 75. Kf7 Rxd8 76. Rb5 Kxg3 77. Rb3+ Kf4 78. Rb4+ Ke5 79. Rb5+ Rd5 80. Rb7 Ra6 81. Kg7 Kf5 82. Kf7 Rda5 83. Rb1 Ra7+ 84. Ke8 Rh7 85. Re1 Ra8# 0-1

[Event "Bundesliga 1920"]
[Site "Germany"]
[Date "2020.02.09"]
[Round "6.7"]
[White "Zeller, Frank"]
[Black "Meinhardt, Maximilian"]
[Result "1-0"]
[WhiteElo "2363"]
[BlackElo "2372"]
[PlyCount "143"]
[EventDate "2019.11.23"]
[EventType "team-tourn"]
[EventRounds "15"]
[EventCountry "GER"]
[SourceTitle "CBM 194 Extra"]
[Source "ChessBase"]
[SourceDate "2020.03.31"]
[SourceVersion "1"]
[SourceVersionDate "2020.03.31"]
[SourceQuality "1"]
[WhiteTeam "Augsburg"]
[BlackTeam "Viernheim"]
[WhiteTeamCountry "GER"]
[BlackTeamCountry "GER"]

1. d4 e6 2. Nf3 c5 3. e4 cxd4 4. Nxd4 Nf6 5. Nc3 Nc6 6. Nxc6 bxc6 7. e5 Nd5 8. Ne4 Qc7 9. f4 Qb6 10. c4 Bb4+ 11. Ke2 Ba6 12. Kf3 f5 13. Nf2 Ne7 14. Be3 Bc5 15. Bxc5 Qxc5 16. Qd6 Qb6 17. b3 c5 18. Nd3 Rc8 19. Qxb6 axb6 20. Ke3 Nc6 21. Be2 Nd4 22. Rhc1 Bb7 23. Bd1 Bxg2 24. b4 Ke7 25. bxc5 bxc5 26. Nxc5 Rxc5 27. Kxd4 Ra5 28. Bb3 Bc6 29. Rc3 h6 30. Rh3 Kf7 31. Rg1 Rg8 32. Rhg3 Raa8 33. h4 g6 34. Kc5 Rgc8 35. Kd4 Rg8 36. Kc3 h5 37. Kd4 Be4 38. Rd1 Bc6 39. Rc3 Rgc8 40. Rg1 Rg8 41. Rcg3 Be4 42. a4 Bc6 43. Ra1 Ra5 44. Bc2 Rc8 45. Rga3 Rb8 46. Kc3 Ke7 47. R1a2 d6 48. exd6+ Kxd6 49. Kd4 e5+ 50. fxe5+ Rxe5 51. Rg3 Re6 52. a5 Rf8 53. a6 f4 54. Rxg6 f3 55. c5+ Kd7 56. Rxe6 Kxe6 57. Ke3 Bd5 58. Ra1 f2 59. Rf1 Rf3+ 60. Ke2 Rc3 61. Kd2 Rxc5 62. Rxf2 Ra5 63. Bd3 Ra2+ 64. Ke3 Ra3 65. Kd4 Ra4+ 66. Kc5 Bh1 67. Bc4+ Ke5 68. Re2+ Kf4 69. Ra2 Rxa2 70. Bxa2 Ke5 71. Bc4 Ba8 72. Bb5 1-0

[Event "Oberliga Baden 1920"]
[Site "Baden"]
[Date "2020.01.19"]
[Round "5.4"]
[White "Becker, Matthias1111"]
[Black "Meinhardt, Maximilian"]
[Result "0-1"]
[WhiteElo "1950"]
[BlackElo "2371"]
[PlyCount "82"]
[EventDate "2019.09.29"]
[EventType "team-tourn"]
[EventRounds "9"]
[EventCountry "GER"]
[SourceTitle "CBM 195 Extra"]
[Source "ChessBase"]
[SourceDate "2020.05.31"]
[SourceVersion "1"]
[SourceVersionDate "2020.05.31"]
[SourceQuality "1"]
[WhiteTeam "Buchen"]
[BlackTeam "Viernheim II"]
[WhiteTeamCountry "GER"]
[BlackTeamCountry "GER"]

1. d4 e6 2. Bf4 c5 3. e3 Nc6 4. c3 d5 5. Nd2 Bd6 6. Bg3 f5 7. Bxd6 Qxd6 8. f4 Nf6 9. Bd3 Bd7 10. a3 0-0 11. Ngf3 Be8 12. Ne5 Bh5 13. Qa4 c4 14. Bc2 a5 15. Nxc6 bxc6 16. 0-0 Rfb8 17. Rab1 c5 18. Bd1 Bxd1 19. Rfxd1 cxd4 20. cxd4 Ra6 21. Rdc1 Qc6 22. Qxc6 Rxc6 23. b3 c3 24. Nf3 Ne4 25. b4 axb4 26. axb4 Rcb6 27. Kf1 Rxb4 28. Rxb4 Rxb4 29. Ng5 Nxg5 30. fxg5 Rc4 31. g3 Kf7 32. Ke2 Kg6 33. h4 c2 34. Kf3 e5 35. Ke2 e4 36. g4 fxg4 37. Kf2 h5 38. Kg3 Kf5 39. Rf1+ Ke6 40. Rc1 Rc3 41. Kf4 g6 0-1

[Event "Oberliga Baden 1920"]
[Site "Baden"]
[Date "2019.09.29"]
[Round "1.3"]
[White "Inkiov, Ventzislav"]
[Black "Meinhardt, Maximilian"]
[Result "1/2-1/2"]
[WhiteElo "2423"]
[BlackElo "2371"]
[PlyCount "88"]
[EventDate "2019.09.29"]
[EventType "team-tourn"]
[EventRounds "9"]
[EventCountry "GER"]
[SourceTitle "CBM 195 Extra"]
[Source "ChessBase"]
[SourceDate "2020.05.31"]
[SourceVersion "1"]
[SourceVersionDate "2020.05.31"]
[SourceQuality "1"]
[WhiteTeam "Oetigheim"]
[BlackTeam "Viernheim II"]
[WhiteTeamCountry "GER"]
[BlackTeamCountry "GER"]

1. d4 e6 2. c4 d5 3. Nf3 c5 4. e3 Nf6 5. Nc3 a6 6. a3 dxc4 7. Bxc4 b5 8. Bd3 Nbd7 9. 0-0 Bb7 10. Qe2 Be7 11. Rd1 Qb6 12. Bd2 0-0 13. a4 c4 14. Bc2 b4 15. a5 Qc7 16. Na4 Rac8 17. e4 Rfd8 18. Bg5 h6 19. Bh4 Qf4 20. Bg3 Qg4 21. h3 Qh5 22. Nb6 Nxb6 23. axb6 b3 24. Bb1 Qb5 25. Bc7 Rf8 26. Ne5 Ne8 27. Nxc4 Nxc7 28. bxc7 Rxc7 29. Bd3 Qb4 30. Na5 Ba8 31. Bc4 Rd8 32. d5 exd5 33. Bxd5 Rc2 34. Qf3 Bxd5 35. exd5 Bc5 36. Rf1 Qd2 37. Nb7 Rd7 38. Nxc5 Rxc5 39. Rxa6 Qxd5 40. Qe3 Rc2 41. Rb6 Rxb2 42. Qc3 Rc2 43. Qxb3 Qd3 44. Qxd3 Rxd3 1/2-1/2

[Event "Oberliga Baden 1819"]
[Site "Baden"]
[Date "2019.03.24"]
[Round "8.4"]
[White "Meinhardt, Maximilian"]
[Black "Rahnfeld, Jens"]
[Result "0-1"]
[WhiteElo "2396"]
[BlackElo "2311"]
[PlyCount "96"]
[EventDate "2018.10.21"]
[EventType "team-tourn"]
[EventRounds "9"]
[EventCountry "GER"]
[SourceTitle "EXT 2020"]
[Source "ChessBase"]
[SourceDate "2019.10.17"]
[SourceVersion "1"]
[SourceVersionDate "2019.10.17"]
[SourceQuality "1"]
[WhiteTeam "Viernheim II"]
[BlackTeam "Sasbach"]
[WhiteTeamCountry "GER"]
[BlackTeamCountry "GER"]

1. e4 c5 2. Nc3 d6 3. Nge2 Nf6 4. g3 g6 5. Bg2 Bg7 6. 0-0 Nc6 7. d3 0-0 8. f4 Rb8 9. a4 a6 10. h3 Bd7 11. g4 b5 12. axb5 axb5 13. Ng3 b4 14. Nce2 Ne8 15. Rb1 Nc7 16. Be3 Nb5 17. Qd2 Ra8 18. f5 Ra2 19. Bh6 Bxb2 20. c3 bxc3 21. Nxc3 Bxc3 22. Qxa2 Bd4+ 23. Kh1 Nc3 24. Qa6 Nxb1 25. Bxf8 Nd2 26. Rd1 Qxf8 27. Rxd2 Qh6 28. Nf1 Ne5 29. Qa8+ Kg7 30. Qd8 Qh4 31. Ra2 Bb5 32. g5 Qxg5 33. Ra8 Kh6 34. Qf8+ Kh5 35. Qg8 h6 36. fxg6 fxg6 37. Qb3 Nxd3 38. Rf8 c4 39. Qd1+ Kh4 40. Nd2 Bf6 41. Qe2 Qf4 42. e5 dxe5 43. Nf3+ Kg3 44. Rd8 Qe4 45. Qd2 c3 46. Qxc3 Qe3 47. Nd2 Nf2+ 48. Kg1 Qxc3 0-1

[Event "Bundesliga 1819"]
[Site "Germany"]
[Date "2019.03.01"]
[Round "9.8"]
[White "Meinhardt, Maximilian"]
[Black "Ponomariov, Ruslan"]
[Result "0-1"]
[WhiteElo "2403"]
[BlackElo "2663"]
[PlyCount "68"]
[EventDate "2018.11.10"]
[EventType "team-tourn"]
[EventRounds "15"]
[EventCountry "GER"]
[SourceTitle "CBM 189 Extra"]
[Source "ChessBase"]
[SourceDate "2019.06.03"]
[SourceVersion "1"]
[SourceVersionDate "2019.06.03"]
[SourceQuality "1"]
[WhiteTeam "Viernheim"]
[BlackTeam "Hockenheim"]
[WhiteTeamCountry "GER"]
[BlackTeamCountry "GER"]

1. e4 c5 2. Nc3 Nc6 3. g3 g6 4. Bg2 Bg7 5. d3 d6 6. Nge2 Rb8 7. a4 a6 8. Be3 Nf6 9. h3 b5 10. axb5 axb5 11. d4 Nd7 12. 0-0 0-0 13. dxc5 Nxc5 14. Nd4 Ne5 15. b3 b4 16. Nd5 e6 17. f4 exd5 18. fxe5 Nxe4 19. Nc6 Qc7 20. Qxd5 Be6 21. exd6 Nxd6 22. Qa5 Rbc8 23. Qxb4 Bxa1 24. Rxa1 Nf5 25. Bf4 Qd7 26. Qc5 Rfe8 27. b4 f6 28. b5 g5 29. g4 Nh4 30. Ra7 Qd1+ 31. Bf1 gxf4 32. Qh5 Nf3+ 33. Kg2 Ng5 34. Bd3 Bd5+ 0-1

[Event "Bundesliga 1819"]
[Site "Germany"]
[Date "2019.02.03"]
[Round "8.7"]
[White "Engel, Luis"]
[Black "Meinhardt, Maximilian"]
[Result "1-0"]
[WhiteElo "2459"]
[BlackElo "2403"]
[PlyCount "85"]
[EventDate "2018.11.10"]
[EventType "team-tourn"]
[EventRounds "15"]
[EventCountry "GER"]
[SourceTitle "CBM 188 Extra"]
[Source "ChessBase"]
[SourceDate "2019.02.26"]
[SourceVersion "1"]
[SourceVersionDate "2019.02.26"]
[SourceQuality "1"]
[WhiteTeam "Hamburger SK"]
[BlackTeam "Viernheim"]
[WhiteTeamCountry "GER"]
[BlackTeamCountry "GER"]

1. e4 e6 2. d4 d5 3. Nd2 h6 4. Bd3 c5 5. dxc5 Bxc5 6. Ngf3 Nc6 7. 0-0 Nge7 8. a3 a5 9. b3 0-0 10. Bb2 Ng6 11. g3 e5 12. exd5 Qxd5 13. Bc4 Qd8 14. Ne4 Be7 15. Bd5 Bg4 16. c4 Kh8 17. Qd3 f5 18. Ned2 e4 19. Qe3 Bf6 20. Nd4 Bg5 21. f4 exf3 22. Qf2 Re8 23. Rfe1 Nge5 24. Nxc6 bxc6 25. Rxe5 Rxe5 26. Bxe5 cxd5 27. Nxf3 Bf6 28. Rd1 Bxf3 29. Bxf6 Qxf6 30. Qxf3 Rb8 31. cxd5 Qb6+ 32. Kg2 Qxb3 33. Qxb3 Rxb3 34. d6 Rb8 35. Kf3 Kg8 36. d7 Rd8 37. Kf4 Kf7 38. Kxf5 g6+ 39. Ke5 Ke7 40. h4 a4 41. g4 g5 42. h5 Ra8 43. d8Q+ 1-0

[Event "Oberliga Baden 1819"]
[Site "Baden"]
[Date "2018.12.16"]
[Round "4.3"]
[White "Meinhardt, Maximilian"]
[Black "Viennot, Dylan"]
[Result "0-1"]
[WhiteElo "2396"]
[BlackElo "2325"]
[PlyCount "64"]
[EventDate "2018.10.21"]
[EventType "team-tourn"]
[EventRounds "9"]
[EventCountry "GER"]
[SourceTitle "EXT 2020"]
[Source "ChessBase"]
[SourceDate "2019.10.17"]
[SourceVersion "1"]
[SourceVersionDate "2019.10.17"]
[SourceQuality "1"]
[WhiteTeam "Viernheim II"]
[BlackTeam "Dreilaendereck"]
[WhiteTeamCountry "GER"]
[BlackTeamCountry "GER"]

1. e4 e6 2. d4 d5 3. Bd3 dxe4 4. Bxe4 Nf6 5. Bf3 c5 6. Ne2 Nc6 7. Be3 Nd5 8. Bxd5 Qxd5 9. Nbc3 Qxg2 10. Rg1 Qxh2 11. Bf4 Qh3 12. Nb5 f6 13. Nc7+ Kf7 14. Nxa8 cxd4 15. Nxd4 Bb4+ 16. c3 Bxc3+ 17. bxc3 Qxc3+ 18. Bd2 Qxd4 19. Rc1 Bd7 20. Bc3 Qe4+ 21. Kf1 Ne5 22. Nc7 Qc4+ 23. Kg2 Bc6+ 24. Kh3 Nd3 25. Qd2 Qe4 26. Rcf1 Qf3+ 27. Kh4 g5+ 28. Rxg5 fxg5+ 29. Qxg5 Rg8 30. Nxe6 Qe4+ 31. f4 Qxe6 32. Qh5+ Qg6 0-1

[Event "Bundesliga 1819"]
[Site "Germany"]
[Date "2018.11.25"]
[Round "4.8"]
[White "Weber, Ulrich"]
[Black "Meinhardt, Maximilian"]
[Result "1-0"]
[WhiteElo "2347"]
[BlackElo "2403"]
[PlyCount "149"]
[EventDate "2018.11.10"]
[EventType "team-tourn"]
[EventRounds "15"]
[EventCountry "GER"]
[SourceTitle "CBM 187 Extra"]
[Source "ChessBase"]
[SourceDate "2018.11.04"]
[SourceVersion "1"]
[SourceVersionDate "2018.11.04"]
[SourceQuality "1"]
[WhiteTeam "Hofheim"]
[BlackTeam "Viernheim"]
[WhiteTeamCountry "GER"]
[BlackTeamCountry "GER"]

1. Nf3 c5 2. g3 Nc6 3. Bg2 g6 4. e4 Bg7 5. 0-0 d6 6. c3 Nf6 7. Re1 0-0 8. h3 Bd7 9. d3 Rc8 10. a4 Ne5 11. Nxe5 dxe5 12. Na3 Ne8 13. Be3 Be6 14. Kh2 Qd7 15. Qd2 Bb3 16. a5 Nf6 17. Nb1 Be6 18. c4 Rfd8 19. Ra3 Qc7 20. Qe2 Bd7 21. Nc3 Qd6 22. Rb1 Bc6 23. Nd5 Nd7 24. b4 cxb4 25. Nxb4 Nc5 26. h4 Bd7 27. Bf1 h5 28. Ra2 Ra8 29. Nd5 Bc6 30. f3 Ne6 31. Qf2 Nd4 32. Rc1 e6 33. c5 Qd7 34. Nb4 Bb5 35. Nc2 a6 36. Na3 Nb3 37. Rb1 Nxa5 38. Nxb5 axb5 39. Rba1 Qc7 40. Bd2 b4 41. Bxb4 Nc6 42. Rxa8 Nxb4 43. Rxd8+ Qxd8 44. Qb2 Qd4 45. Qxd4 exd4 46. Rb1 Na6 47. Rxb7 Nxc5 48. Rb8+ Bf8 49. Kg2 Kg7 50. f4 Na4 51. Kf2 Nc3 52. Be2 Ba3 53. Rd8 Bb2 54. Bf3 Na2 55. Ke2 Bc3 56. Kf2 Nb4 57. Be2 Kf6 58. Rd7 Kg7 59. Kf3 Kf6 60. g4 hxg4+ 61. Kxg4 Nc2 62. e5+ Kg7 63. Kg5 Nb4 64. h5 gxh5 65. Bxh5 Nxd3 66. Rxf7+ Kg8 67. Rf6 Bd2 68. Kg4 Kg7 69. Kf3 Be3 70. Bg4 Ne1+ 71. Ke4 Bc1 72. Rxe6 d3 73. Rd6 d2 74. f5 d1Q 75. Rxd1 1-0

[Event "Wiesbaden op 30th"]
[Site "Wiesbaden"]
[Date "2018.08.26"]
[Round "7"]
[White "Carow, Johannes"]
[Black "Meinhardt, Maximilian"]
[Result "1/2-1/2"]
[WhiteElo "2445"]
[BlackElo "2391"]
[PlyCount "81"]
[EventDate "2018.08.23"]
[EventType "swiss"]
[EventRounds "7"]
[EventCountry "GER"]
[SourceTitle "CBM 186 Extra"]
[Source "ChessBase"]
[SourceDate "2018.08.24"]
[SourceVersion "1"]
[SourceVersionDate "2018.08.24"]
[SourceQuality "1"]

1. Nf3 d5 2. g3 c5 3. Bg2 Nf6 4. 0-0 Nc6 5. c4 e6 6. cxd5 exd5 7. d4 Be7 8. Nc3 0-0 9. b3 Re8 10. Bb2 Bg4 11. dxc5 Bxc5 12. Na4 Bf8 13. h3 Bf5 14. Rc1 Rc8 15. a3 Ne4 16. b4 Qd7 17. h4 Rcd8 18. Nd4 Nxd4 19. Bxd4 Bh3 20. Nc3 b6 21. e3 Bxg2 22. Kxg2 Re6 23. Ne2 a5 24. Nf4 Rc6 25. Qa4 Rc4 26. Qxd7 Rxd7 27. Bxb6 axb4 28. axb4 Bxb4 29. Rfd1 Rd6 30. Bd4 f6 31. Ra1 Rd7 32. Ra2 Bc3 33. f3 Bxd4 34. fxe4 Bxe3 35. Nxd5 Ra7 36. Rxa7 Bxa7 37. Nxf6+ gxf6 38. Rd8+ Kg7 39. Rd7+ Kg6 40. Rxa7 Rxe4 41. Kf3 1/2-1/2

[Event "Wiesbaden op 30th"]
[Site "Wiesbaden"]
[Date "2018.08.24"]
[Round "2"]
[White "Meinhardt, Maximilian"]
[Black "Chernykh, Arkady"]
[Result "1-0"]
[WhiteElo "2391"]
[BlackElo "1928"]
[PlyCount "63"]
[EventDate "2018.08.23"]
[EventType "swiss"]
[EventRounds "7"]
[EventCountry "GER"]
[SourceTitle "CBM 186 Extra"]
[Source "ChessBase"]
[SourceDate "2018.08.24"]
[SourceVersion "1"]
[SourceVersionDate "2018.08.24"]
[SourceQuality "1"]

1. e4 c5 2. Nf3 d6 3. d4 cxd4 4. Nxd4 Nf6 5. Nc3 a6 6. g3 e5 7. Nf3 Be6 8. Ng5 b5 9. Nxe6 fxe6 10. a3 d5 11. exd5 b4 12. axb4 exd5 13. Bg2 Bxb4 14. 0-0 Bxc3 15. bxc3 Ra7 16. Re1 e4 17. Qd4 Rc7 18. Bf1 0-0 19. Bf4 Rc6 20. Reb1 Rc8 21. Bh3 Rc4 22. Qd2 Nc6 23. Rxa6 e3 24. Bxe3 Re8 25. Rd1 Re5 26. Bg2 Qc8 27. Rda1 Nb8 28. Ra8 Qb7 29. Bd4 Ne4 30. Bxe5 Nxd2 31. Rxb8+ Qxb8 32. Bxd5+ 1-0

[Event "Verbandsliga Nordbaden 1718"]
[Site "Baden"]
[Date "2018.05.06"]
[Round "9.4"]
[White "Schulenburg, Bernd"]
[Black "Meinhardt, Maximilian"]
[Result "0-1"]
[WhiteElo "2152"]
[BlackElo "2388"]
[PlyCount "66"]
[EventDate "2017.10.08"]
[EventType "team-tourn"]
[EventRounds "9"]
[EventCountry "GER"]
[SourceTitle "EXT 2019"]
[Source "ChessBase"]
[SourceDate "2018.10.10"]
[SourceVersion "1"]
[SourceVersionDate "2018.10.10"]
[SourceQuality "1"]
[WhiteTeam "Heidelberg"]
[BlackTeam "Viernheim II"]
[WhiteTeamCountry "GER"]
[BlackTeamCountry "GER"]

1. e4 e6 2. d4 d5 3. Nd2 Nc6 4. Ngf3 Nf6 5. exd5 exd5 6. Bb5 Be7 7. Ne5 Qd6 8. c3 0-0 9. f4 Bf5 10. g4 Nxg4 11. Ndf3 f6 12. Nh4 fxe5 13. Nxf5 Rxf5 14. Qxg4 Qe6 15. Kd1 e4 16. Be3 Nd8 17. Kd2 Nf7 18. Rag1 Bf8 19. Be2 Re8 20. h4 Nh6 21. Qg3 Rf7 22. Bh5 g6 23. Bg4 Nxg4 24. Qxg4 Qxg4 25. Rxg4 Re6 26. h5 Rf5 27. Ke2 Ra6 28. a3 Bg7 29. hxg6 Rxg6 30. Rxg6 hxg6 31. Kf2 Kf7 32. Kg3 Rh5 33. Rh4 Kf6 0-1

[Event "Karlsruhe Grenke op"]
[Site "Karlsruhe"]
[Date "2018.04.01"]
[Round "6"]
[White "Kanarek, Marcel"]
[Black "Meinhardt, Maximilian"]
[Result "1/2-1/2"]
[WhiteElo "2506"]
[BlackElo "2388"]
[PlyCount "46"]
[EventDate "2018.03.29"]
[EventType "swiss"]
[EventRounds "9"]
[EventCountry "GER"]
[SourceTitle "CBM 183 Extra"]
[Source "ChessBase"]
[SourceDate "2018.04.19"]
[SourceVersion "1"]
[SourceVersionDate "2018.04.19"]
[SourceQuality "1"]

1. c4 e6 2. Nc3 d5 3. d4 c6 4. Nf3 dxc4 5. a4 Bb4 6. e3 b5 7. Bd2 a5 8. axb5 Bxc3 9. Bxc3 cxb5 10. b3 Bb7 11. bxc4 b4 12. Bb2 Nf6 13. c5 0-0 14. Bb5 Qd5 15. 0-0 Nbd7 16. Ne1 Nb6 17. Qe2 Nc8 18. f3 Bc6 19. Bc4 Qd7 20. Nd3 Qb7 21. Ne5 Be8 22. Rfb1 Ne7 23. e4 Qc7 1/2-1/2